000 00199 a2200097 4500
001 11303
100 _aVocke, H.
245 _aThe Lebanese War
260 _a
_bC. Hurst & Co
_c
090 _c8854
_d8854
942 _aNUST-CAE
_cM
_c35660
999 _c246376
_d246376